Competencias docentes del profesorado universitario: calidad y desarrollo profesional
সংরক্ষণ করুন:
| প্রধান লেখক: | |
|---|---|
| বিন্যাস: | গ্রন্থ |
| ভাষা: | স্প্যানিশ |
| প্রকাশিত: |
Madrid
Narcea
2007
|
| সংস্করন: | 2a. ed |
| মালা: | Universitaria
|
| বিষয়গুলি: | |
| ট্যাগগুলো: |
ট্যাগ যুক্ত করুন
কোনো ট্যাগ নেই, প্রথমজন হিসাবে ট্যাগ করুন!
|
MARC
| LEADER | 00000nam a2200000 a 4500 | ||
|---|---|---|---|
| 001 | UCI8530 | ||
| 003 | CL-VaPUC | ||
| 008 | 080911e20070000SP |||||||||||||||||spa|d | ||
| 020 | |a 9788427713994 | ||
| 082 | 0 | 4 | |a 378.12 |b ZAB |2 21 |
| 100 | 0 | |a Zabalza Beraza, Miguel Angel |e author |9 532013 | |
| 245 | 1 | 0 | |a Competencias docentes del profesorado universitario: calidad y desarrollo profesional |
| 250 | |a 2a. ed | ||
| 300 | |a 229 p | ||
| 942 | |c BK | ||
| 945 | |d 20080911 00:00:00 |a rbrito | ||
| 260 | |a Madrid |b Narcea |c 2007 | ||
| 650 | 7 | |a FORMACION PROFESIONAL DE DOCENTES |2 CL-VaPUC |9 329594 | |
| 650 | 7 | |a DOCENTE UNIVERSITARIO |2 CL-VaPUC |9 528803 | |
| 650 | 0 | |a Educación superior |9 223851 | |
| 650 | 0 | |a Currículo |9 307290 | |
| 583 | |a last modification |c 20080911 00:00:00 |k Rodrigo Vera | ||
| 490 | 0 | |a Universitaria | |
| 999 | |c 331371 |d 331369 | ||
| 952 | |0 0 |1 0 |4 0 |6 378_120000000000000_ZAB_2007 |7 0 |8 A |9 417916 |a BIBEDU |b BIBEDU |d 2019-11-22 |i 448097K |o 378.12 ZAB 2007 |p 448097K |r 2019-11-22 |w 2019-11-22 |y BK |k EBA | ||
| 952 | |0 0 |1 0 |4 0 |6 378_120000000000000_ZAB_2007 |7 0 |8 A |9 417917 |a BIBEDU |b BIBEDU |d 2019-11-22 |i 4502159 |o 378.12 ZAB 2007 |p 4502159 |r 2019-11-22 |w 2019-11-22 |y BK |k EPE | ||
| 952 | |0 0 |1 0 |4 0 |6 378_120000000000000_ZAB_2007 |7 0 |8 A |9 417918 |a BIBEDU |b BIBEDU |d 2019-11-22 |i 4515633 |o 378.12 ZAB 2007 |p 4515633 |r 2019-11-22 |w 2019-11-22 |y BK |k PSI | ||